| 000 | 00595nam a2200181 a 4500 | ||
|---|---|---|---|
| 001 | 000047864 | ||
| 005 | 20240307073942.0 | ||
| 008 | 181001s2018 dr 000 0 spa d | ||
| 020 | _a9789945472950 | ||
| 040 |
_aDO-SdBNP _bspa _cBNPHU |
||
| 082 |
_a378.7293 _bI597m |
||
| 110 | 2 |
_aInstituto Tecnológico de Santo Domingo _978911 |
|
| 245 | 1 | 0 | _aMemoria institucional 2016-2017 /. |
| 260 |
_aSanto Domingo : _bINTEC, _c2018. |
||
| 300 |
_a60 p. : _bil, gráf., retrs. ; _c32 cm. |
||
| 590 | _aInventariado, 2018/VM | ||
| 610 | 1 | 4 |
_aINSTITUTO TECNÓLOGICO DE SANTO DOMINGO _vMEMORIAS E INFORMES _975423 |
| 999 |
_c47352 _d47352 |
||